| 000 | 00675nam a22002055i 4500 | ||
|---|---|---|---|
| 001 | 166487 | ||
| 003 | ES-MaACL | ||
| 005 | 20250809025048.0 | ||
| 008 | 020703s1913 sp |||| | spa d | ||
| 040 |
_aCCPB | B _bspa _cCCPB | B |
||
| 100 | 1 |
_aTorres Campos, Manuel. _9110934 |
|
| 245 | 1 | 0 |
_aElementos de derecho internacional privado / _cpor Manuel Torres Campos. |
| 250 | _a4ª ed. corr. y aum. | ||
| 260 |
_aMadrid : _bFernando Fé, _c1913 ( _fFortanet) |
||
| 300 |
_a582 p. ; _c19 cm. |
||
| 650 | 0 | 7 |
_aDerecho internacional público _2embne _911723 |
| 752 |
_aEspaña - _dMadrid |
||
| 852 |
_aES-MaACL _jF-11898 _z- Enc. pasta española |
||
| 999 |
_c166487 _d166487 |
||